00493nam a2200157Ia 4500008004000000020001800040082001300058100001700071245003500088260004000123300000800163690001400171906001100185999001700196952012200213210210b1982 xxu||||| |||| 00| 0 eng d a0 7069 1878 9 a301 KAPI aKAPUR (J C). aIndia: an uncommitted society. aDelhibVikas publishing housec1982 a229 aSociology a037717 c88126d88126 001040708SociologyaALbALcSociologyd2021-02-17g75.00l0o301 KAPIp037717r2021-02-17 00:00:00w2021-02-17yBK